000 00641nas a2200229 4500
001 BR9800848
003 BR-BrBNA
005 20231205100904.0
007 ta
008 230509b bl.|||p| |||| 00| 00por d
040 _aBR-BrBNA
_bpor
_cBiblioteca Nacional de Agricultura
041 _a(Pt)
072 _aF01
100 1 _aMoretti, A.
100 1 _aMotta, H.
245 1 _aBanana Mysore; ela tem o corpo fechado
650 _aBanana
650 _aVariedade Resistente
773 0 _tManchete Rural (Brazil)
_xISSN 0102-8901
_g(Jun, 1987), v. 1(3) p. 59
_wBR9800848
909 _a202311
_bLúcia
_c55
_dLúcia Elande
942 _2AGRIS
_n0
_cANA
999 _c158637
_d158637